Erste 20 Elemente - Sudden Death - Statistiken

Allgemein
  • Dieses Quiz wurde 114 mal gespielt
  • Das Durchschnittsergebnis liegt bei 11 aus 20
Answers on the Grid
Answers color-coded by a green-red scale on the quiz's grid according to % correct below.
Aluminium
Argon
Beryllium
Blei
Bor
Chlor
Eisen
Fluor
Gold
Helium
Jod
Kalium
Kalzium
Kohlenstoff
Krypton
Kupfer
Lithium
Magnesium
Natrium
Neon
Nickel
Palladium
Phosphor
Radium
Sauerstoff
Schwefel
Silizium
Stickstoff
Uran
Wasserstoff
 
Antwortstatistiken
Antwort % Korrekt
Helium
77%
Wasserstoff
77%
Sauerstoff
75%
Kohlenstoff
70%
Chlor
65%
Stickstoff
64%
Magnesium
58%
Natrium
58%
Aluminium
53%
Kalium
53%
Lithium
51%
Beryllium
49%
Bor
48%
Fluor
48%
Neon
48%
Phosphor
43%
Schwefel
43%
Argon
42%
Kalzium
42%
Silizium
31%
Keine übereinstimmenden Quizze gefunden
Verteilung der Resultate
Anzahl Personen mit jedem Resultat
Perzentil nach korrekt beantworteten Fragen
Ihre Resultats-Entwicklung
Sie haben dieses Quiz noch nicht gespielt